| 000 | 01289nam0a22002651 4500 | ||
|---|---|---|---|
| 001 | rc\290284 | ||
| 005 | 20210428163209.0 | ||
| 035 | _a(NLR Aleph) 005521592 | ||
| 090 |
_a5513986 _c5513986 |
||
| 100 | _a20030307d1990 u |0rusy50 ca | ||
| 101 | 0 | _arus | |
| 102 | _aRU | ||
| 105 | _ay ||||||||| | ||
| 200 | 1 |
_aБиологический азот _eТез. докл. первой всесоюз. науч. конф. СОИСАФ [7-8 февр. 1989 г.] _fПод ред. Г.С. Посыпанова |
|
| 210 |
_aКалуга _cБ. и. _d1990 |
||
| 215 |
_a101, [1] с. _d21 |
||
| 300 | _aВ надзаг.: Гос. комис. Совета Министров СССР по продовольствию и закупкам, Моск. с.-х. акад. им. К.А. Тимирязева, Калуж. фил. | ||
| 702 | 1 |
_aПосыпанов _bГ. С. _gГеоргий Сергеевич _4340 |
|
| 711 | 0 | 2 |
_aСвободное объединение исследователей симбиотической азотфиксации _cМосква _bВсесоюзная научная конференция _d1 _f1989 _eКалуга _3RU\NLR\AUTH\8810003190 |
| 801 | 0 |
_aRU _bNLR _gpsbo |
|
| 801 | 1 |
_aRU _bELAR _2rusmarc |
|
| 852 |
_aNLR _j90-5/3668 |
||
| 942 | _cBOOK | ||
| 980 | _aNB | ||